| 000 | 00000nam##2200000za#4500 |
| 001 | 9.625596 |
| 003 | CaOODSP |
| 005 | 20200421163409 |
| 007 | ta |
| 008 | 150406|1999||||xxc||||| f|0| 0 fre|d |
| 020 | |a0-662-85652-X |
| 040 | |aCaOODSP|bfre |
| 043 | |an-cn--- |
| 086 | 1 |aNH18-22/99-124F |
| 110 | 2 |aSociété canadienne d'hypothèques et de logement. |
| 245 | 10|aIsolation acoustique procurée par les murs extérieurs dans les constructions à ossature de bois |
| 260 | |aOttawa - Ontario : |bSociété canadienne d'hypothèques et de logement |c1999. |
| 300 | |a3p. : |btableaux ; |c28 cm. |
| 490 | 1 |aLe point en recherche. Série technique |v99-124 |
| 563 | |aDépliant |
| 590 | |a01-10|b2001-03-09 |
| 691 | 07|aMatériau de construction|2gcpds |
| 691 | 07|aLogement subventionné|2gcpds |
| 776 | 0#|tIsolation acoustique procurée par les murs extérieurs dans les constructions à ossature de bois / |w(CaOODSP)9.607716 |
| 830 | #0|aLe point en recherche. Série technique ;|v99-124|w(CaOODSP)9.513179 |
| 986 | |aLNH 2267 |